[Event "Mittelrhein Verbandsliga Sued 1920"]
[Site "Mittelrhein"]
[Date "2019.10.27"]
[Round "2.4"]
[White "Schniggenberg, Gerd"]
[Black "Anderton, Philip"]
[Result "1/2-1/2"]
[WhiteElo "1899"]
[BlackElo "1811"]
[PlyCount "84"]
[EventDate "2019.09.29"]
[EventType "team-tourn"]
[EventRounds "9"]
[EventCountry "GER"]
[SourceTitle "EXT 2023"]
[Source "ChessBase"]
[SourceDate "2022.10.05"]
[SourceVersion "1"]
[SourceVersionDate "2022.10.05"]
[SourceQuality "1"]
[WhiteTeam "Godesberg III"]
[BlackTeam "Siebengebirge"]
[WhiteTeamCountry "GER"]
[BlackTeamCountry "GER"]

1. e4 c5 2. c3 d5 3. exd5 Qxd5 4. d4 Nc6 5. Nf3 Bg4 6. Be2 e6 7. 0-0 Nf6 8. Be3 cxd4 9. Nxd4 Bxe2 10. Qxe2 Be7 11. Rd1 Rd8 12. Nd2 0-0 13. N2f3 a6 14. c4 Nxd4 15. Bxd4 Qa5 16. a3 Nd7 17. Qe3 Bf6 18. Rac1 Bxd4 19. Rxd4 Nf6 20. Rcd1 Rxd4 21. Qxd4 h6 22. Rd3 Qc7 23. b4 Rc8 24. Ne5 a5 25. h3 axb4 26. axb4 b6 27. Qd6 Qb7 28. f3 b5 29. cxb5 Qxb5 30. Rd4 Nd5 31. Nd3 Ne3 32. Qe5 Rc1+ 33. Kf2 Qxe5 34. Nxe5 Nf5 35. Rd8+ Kh7 36. Nxf7 Rc2+ 37. Kg1 Rb2 38. Re8 Nd4 39. Nd8 Rxb4 40. Nxe6 Rb1+ 41. Kf2 Rb2+ 42. Kf1 Rb1+ 1/2-1/2

[Event "Mittelrhein Verbandsliga Ost 1415"]
[Site "Mittelrhein"]
[Date "2014.10.19"]
[Round "3.5"]
[White "Kneutgen, Alexander"]
[Black "Anderton, Philip"]
[Result "1/2-1/2"]
[WhiteElo "1987"]
[BlackElo "1927"]
[PlyCount "58"]
[EventDate "2014.09.07"]
[EventType "team-tourn"]
[EventRounds "11"]
[EventCountry "GER"]
[SourceTitle "EXT 2023"]
[Source "ChessBase"]
[SourceDate "2022.10.05"]
[SourceVersion "1"]
[SourceVersionDate "2022.10.05"]
[SourceQuality "1"]
[WhiteTeam "Niederkassel II"]
[BlackTeam "Siebengebirge"]
[WhiteTeamCountry "GER"]
[BlackTeamCountry "GER"]

1. e4 c6 2. d4 d5 3. exd5 cxd5 4. c4 Nf6 5. Nc3 e6 6. Nf3 Be7 7. cxd5 Nxd5 8. Bd3 0-0 9. 0-0 b6 10. Nxd5 exd5 11. Ne5 Bb7 12. Qh5 g6 13. Qg4 f5 14. Qe2 Nd7 15. Bh6 Re8 16. Bb5 Bd6 17. Qd2 Nxe5 18. Bg5 Nc4 19. Bxc4 Bxh2+ 20. Kxh2 Qc7+ 21. Bf4 Qxc4 22. Be5 Qa4 23. Rfc1 Rac8 24. Rxc8 Rxc8 25. Rc1 Qd7 26. Rxc8+ Qxc8 27. Qg5 Qf8 28. Qc1 Qc8 29. Qg5 Qf8 1/2-1/2

[Event "Mittelrhein Verbandsliga-O 1112"]
[Site "Germany"]
[Date "2012.02.26"]
[Round "7"]
[White "Scholzen, Wolfgang"]
[Black "Anderton, Philip"]
[Result "1-0"]
[WhiteElo "2078"]
[BlackElo "1932"]
[PlyCount "55"]
[EventDate "2011.09.18"]
[EventType "team-tourn"]
[EventRounds "11"]
[EventCountry "GER"]
[SourceTitle "EXT 2013"]
[Source "ChessBase"]
[SourceDate "2012.11.22"]
[SourceVersion "1"]
[SourceVersionDate "2012.11.22"]
[SourceQuality "1"]
[WhiteTeam "Euskirchen Turm"]
[BlackTeam "Siebengebirge"]
[WhiteTeamCountry "GER"]
[BlackTeamCountry "GER"]

1. d4 Nf6 2. Nf3 e6 3. e3 Be7 4. Bd3 0-0 5. 0-0 d6 6. b3 Nc6 7. Bb2 Nd7 8. c4 e5 9. a3 Bf6 10. Nbd2 g6 11. Qc2 Bg7 12. d5 Ne7 13. b4 f5 14. e4 Nf6 15. Ng5 h6 16. Ne6 Bxe6 17. dxe6 f4 18. c5 g5 19. Rac1 Nc6 20. b5 Nd4 21. Qc4 d5 22. exd5 Qxd5 23. e7 Rfe8 24. Bxd4 exd4 25. Rfe1 Qf7 26. c6 bxc6 27. bxc6 Rxe7 28. Rxe7 1-0

[Event "Mittelrhein Verbandsliga-O 1112"]
[Site "Germany"]
[Date "2011.10.09"]
[Round "2"]
[White "Anderton, Philip"]
[Black "Schmitz, Manuela"]
[Result "1-0"]
[WhiteElo "1932"]
[BlackElo "2009"]
[PlyCount "77"]
[EventDate "2011.09.18"]
[EventType "team-tourn"]
[EventRounds "11"]
[EventCountry "GER"]
[SourceTitle "EXT 2013"]
[Source "ChessBase"]
[SourceDate "2012.11.22"]
[SourceVersion "1"]
[SourceVersionDate "2012.11.22"]
[SourceQuality "1"]
[WhiteTeam "Siebengebirge"]
[BlackTeam "Freibauer Eikamp"]
[WhiteTeamCountry "GER"]
[BlackTeamCountry "GER"]

1. Nf3 Nf6 2. c4 e6 3. Nc3 d5 4. cxd5 exd5 5. d4 c6 6. Bg5 Be7 7. Qc2 0-0 8. e3 Nbd7 9. Bd3 Re8 10. 0-0 h6 11. Bxf6 Bxf6 12. b4 Nf8 13. b5 Bd7 14. bxc6 Bxc6 15. Rfc1 Rc8 16. Bf5 Ne6 17. Qb3 Qd7 18. a4 a6 19. a5 g6 20. Bxe6 Rxe6 21. Nxd5 Bxd5 22. Rxc8+ Qxc8 23. Qxd5 Qc3 24. Rb1 Rc6 25. g3 Rc7 26. Kg2 Kg7 27. e4 g5 28. e5 Be7 29. e6 fxe6 30. Qxe6 Bf6 31. Rb6 Rf7 32. Ne5 Bxe5 33. Qxe5+ Kg8 34. Rg6+ Kh7 35. Qe4 Rxf2+ 36. Kxf2 Qd2+ 37. Kf1 Qd1+ 38. Kg2 Qd2+ 39. Kh3 1-0

[Event "Moehnesee Cup-A"]
[Site "Moehnesee"]
[Date "2005.08.21"]
[Round "6"]
[White "Anderton, Philip"]
[Black "Kasten, Marcel"]
[Result "1-0"]
[WhiteElo "1859"]
[BlackElo "2001"]
[PlyCount "47"]
[EventDate "2005.08.18"]
[EventType "swiss"]
[EventRounds "7"]
[EventCountry "GER"]
[SourceTitle "CBM 108 Extra"]
[Source "ChessBase"]
[SourceDate "2005.11.04"]
[SourceVersion "1"]
[SourceVersionDate "2005.11.04"]
[SourceQuality "1"]

1. d4 e6 2. e4 d5 3. Nd2 Be7 4. e5 c5 5. c3 Nc6 6. Ndf3 Qb6 7. Bd3 Bd7 8. Ne2 f6 9. 0-0 Rc8 10. Nf4 f5 11. Re1 g6 12. Nxd5 exd5 13. e6 Nf6 14. exd7+ Kxd7 15. Ne5+ Nxe5 16. dxe5 Ne8 17. Bf4 Ng7 18. e6+ Ke8 19. Bc2 Qc6 20. c4 dxc4 21. Ba4 b5 22. Qd7+ Kf8 23. Bxb5 Qxd7 24. exd7 1-0

[Event "Cologne-ch 05"]
[Site "Cologne"]
[Date "2005.01.16"]
[Round "5"]
[White "Anderton, Philip"]
[Black "Perez, Eneida"]
[Result "1-0"]
[WhiteElo "1790"]
[BlackElo "1994"]
[PlyCount "85"]
[EventDate "2004.12.04"]
[EventType "swiss"]
[EventRounds "7"]
[EventCountry "GER"]
[SourceTitle "EXT 2006"]
[Source "ChessBase"]
[SourceDate "2005.11.24"]
[SourceVersion "1"]
[SourceVersionDate "2005.11.24"]
[SourceQuality "1"]

1. e4 e5 2. Nf3 Nf6 3. Bc4 Nxe4 4. Nc3 Nd6 5. Bb3 Nc6 6. 0-0 Be7 7. Re1 0-0 8. Nxe5 Nxe5 9. Rxe5 Bf6 10. Re1 c6 11. d4 b5 12. Bf4 Nc4 13. Bxc4 bxc4 14. Bd6 Re8 15. Ne4 Ba6 16. c3 Be7 17. Qg4 Bxd6 18. Nxd6 Re6 19. Qf4 Qe7 20. Rxe6 fxe6 21. Re1 Rf8 22. Qe5 Qf6 23. Ne4 Qxe5 24. dxe5 Rb8 25. Re2 Kf8 26. f4 Ke7 27. Rd2 Rb5 28. Kf2 h6 29. Ke3 Kd8 30. Nd6 Ra5 31. a3 Ke7 32. Ke4 Rc5 33. Rd4 g6 34. g4 Kf8 35. f5 gxf5+ 36. gxf5 exf5+ 37. Nxf5 Rb5 38. Rxd7 Rxb2 39. Rxa7 Bb7 40. Nd6 Rxh2 41. Rxb7 Re2+ 42. Kf5 h5 43. Kf6 1-0

[Event "Cologne-ch 05"]
[Site "Cologne"]
[Date "2005.01.16"]
[Round "6"]
[White "Kruett, Michael"]
[Black "Anderton, Philip"]
[Result "0-1"]
[WhiteElo "1798"]
[BlackElo "1790"]
[PlyCount "158"]
[EventDate "2004.12.04"]
[EventType "swiss"]
[EventRounds "7"]
[EventCountry "GER"]
[SourceTitle "EXT 2006"]
[Source "ChessBase"]
[SourceDate "2005.11.24"]
[SourceVersion "1"]
[SourceVersionDate "2005.11.24"]
[SourceQuality "1"]

1. e4 c5 2. Nf3 d6 3. d4 cxd4 4. Nxd4 Nf6 5. Nc3 a6 6. f4 e5 7. Nf3 Nbd7 8. a4 Be7 9. Bd3 0-0 10. 0-0 Re8 11. Kh1 Qc7 12. a5 Nc5 13. Be3 Nxd3 14. cxd3 exf4 15. Bb6 Qd7 16. e5 dxe5 17. Nxe5 Qf5 18. d4 Bd6 19. Nc4 Bb8 20. Qf3 g5 21. Rae1 Rxe1 22. Rxe1 g4 23. Qe2 Be6 24. d5 Nxd5 25. Nxd5 Qxd5 26. b3 Qh5 27. Rd1 f3 28. Rd8+ Kg7 29. gxf3 gxf3 30. Qf2 Bxh2 31. Qxh2 f2 32. Qxh5 f1Q+ 33. Kh2 Qf4+ 34. Kg1 Qg3+ 35. Kh1 Rxd8 36. Bxd8 Bxc4 37. bxc4 Qe1+ 38. Kg2 Qd2+ 39. Kg3 Qd3+ 40. Qf3 Qxd8 41. Qxb7 Qd3+ 42. Kf2 Qd4+ 43. Ke1 Qxc4 44. Qg2+ Kf8 45. Qa8+ Ke7 46. Qa7+ Ke6 47. Qb6+ Kd5 48. Qd8+ Ke4 49. Qh4+ Kd3 50. Qh3+ Kd4 51. Qd7+ Kc3 52. Qd2+ Kb3 53. Qd1+ Kb4 54. Qd8 h5 55. Qb6+ Ka4 56. Kd2 h4 57. Qd8 Qf4+ 58. Kc3 Qe3+ 59. Kc2 Qe4+ 60. Kc3 f5 61. Qb6 Qe5+ 62. Kc4 Qb5+ 63. Kd4 Qxa5 64. Qc6+ Qb5 65. Qc2+ Ka5 66. Qh2 Qb4+ 67. Kd5 Qe4+ 68. Kc5 Qe3+ 69. Kc4 Qc1+ 70. Kd5 f4 71. Qxh4 Qd2+ 72. Kc4 f3 73. Qh5+ Ka4 74. Qxf3 Qb4+ 75. Kd3 Qb3+ 76. Ke2 Qxf3+ 77. Kxf3 Kb3 78. Ke2 a5 79. Kd2 Kb2 0-1

[Event "Cologne-ch"]
[Site "Cologne"]
[Date "2003.04.12"]
[Round "7"]
[White "Anderton, Philip"]
[Black "Gail, Edgar"]
[Result "1-0"]
[WhiteElo "1602"]
[BlackElo "1302"]
[PlyCount "93"]
[EventDate "2003.04.??"]
[EventType "swiss"]
[EventRounds "7"]
[EventCountry "GER"]
[SourceTitle "EXT 2005"]
[Source "ChessBase"]
[SourceDate "2004.11.15"]
[SourceVersion "1"]
[SourceVersionDate "2004.11.15"]
[SourceQuality "1"]

1. e4 e6 2. d4 d5 3. Nd2 Nf6 4. e5 Nfd7 5. Bd3 c5 6. c3 Nc6 7. Ngf3 Qb6 8. 0-0 cxd4 9. cxd4 Nxd4 10. Nxd4 Qxd4 11. Nf3 Qb6 12. Qa4 Be7 13. Be3 Bc5 14. Bxc5 Qxc5 15. Rac1 Qe7 16. Bb5 0-0 17. Rxc8 Rfxc8 18. Bxd7 Rc4 19. Qb5 Rb4 20. Qa5 Rxb2 21. Qc3 Rxa2 22. Bb5 Qa3 23. Qc7 a6 24. Ng5 Qf8 25. Bd3 h6 26. Bb1 Rb2 27. Qc3 Rb4 28. Nh7 Rc4 29. Qd3 Qd8 30. Nf6+ Kf8 31. Qh7 Rac8 32. Qg8+ Ke7 33. Qxg7 Qf8 34. Qh7 Kd8 35. g3 R8c7 36. Rd1 b5 37. Ne4 Kc8 38. Nd6+ Kb8 39. Nxc4 bxc4 40. Ba2 c3 41. Rb1+ Kc8 42. Qd3 Qa3 43. Bb3 Rc6 44. Bc2 a5 45. Qb5 Kd7 46. Ba4 Qc5 47. Qxc5 1-0

[Event "Cologne-ch"]
[Site "Cologne"]
[Date "2003.02.22"]
[Round "1"]
[White "Anderton, Philip"]
[Black "Meier, Tobias"]
[Result "0-1"]
[WhiteElo "1602"]
[BlackElo "1714"]
[PlyCount "50"]
[EventDate "2003.04.??"]
[EventType "swiss"]
[EventRounds "7"]
[EventCountry "GER"]
[SourceTitle "EXT 2005"]
[Source "ChessBase"]
[SourceDate "2004.11.15"]
[SourceVersion "1"]
[SourceVersionDate "2004.11.15"]
[SourceQuality "1"]

1. e4 c5 2. Nf3 e6 3. c3 d6 4. d4 cxd4 5. cxd4 Nf6 6. Nc3 a6 7. Be2 b5 8. Bg5 h6 9. Bxf6 Qxf6 10. 0-0 Nd7 11. e5 dxe5 12. dxe5 Nxe5 13. Nxe5 Qxe5 14. Re1 Qd6 15. Qc2 Bd7 16. Rad1 Qc7 17. Rxd7 Qxd7 18. Rd1 Qc7 19. Qe4 Rd8 20. Rxd8+ Kxd8 21. g3 Bc5 22. a4 b4 23. Bxa6 bxc3 24. Qa8+ Ke7 25. Qxh8 c2 0-1